Poésies. Tome III
Gorde:
| Egile nagusia: | |
|---|---|
| Formatua: | Liburua |
| Hizkuntza: | frantsesa |
| Argitaratua: |
París
Delangle Frères, Éditeurs-Libraires
1828
|
| Edizioa: | 1a. ed |
| Saila: | Oeuvres complètes de Voltaire, 17
|
| Gaiak: | |
| Etiketak: |
Etiketa erantsi
Etiketarik gabe, Izan zaitez lehena erregistro honi etiketa jartzen!
|
MARC
| LEADER | 00000nam a2200000 a 4500 | ||
|---|---|---|---|
| 001 | UCJ7471 | ||
| 003 | CL-VaPUC | ||
| 008 | 070124e18280000FR |||||||||||||||||fre|d | ||
| 082 | 0 | 4 | |a 848 |b VOL |2 21 |
| 100 | 0 | |a Voltaire, François Marie Arouet de |e author |9 515911 | |
| 245 | 1 | 0 | |a Poésies. Tome III |
| 250 | |a 1a. ed | ||
| 300 | |a 403 p | ||
| 942 | |c BK | ||
| 945 | |d 20070124 00:00:00 |a rinostro | ||
| 260 | |a París |b Delangle Frères, Éditeurs-Libraires |c 1828 | ||
| 500 | |a Se encuentra ubicado en la Sala Emilio Tagle C. | ||
| 650 | 0 | |a Poesía francesa |9 264947 | |
| 650 | 0 | |a Sátira |9 313713 | |
| 650 | 0 | |a Crítica literaria |9 269189 | |
| 583 | |a last modification |c 20070124 00:00:00 |k Rodrigo Vera | ||
| 490 | 0 | |a Oeuvres complètes de Voltaire, 17 | |
| 999 | |c 323555 |d 323553 | ||
| 952 | |0 0 |1 0 |4 0 |6 848_000000000000000_VOL_1828 |7 0 |8 X |9 403242 |a FDOBUD |b FDOBUD |d 2019-11-22 |i 1064193 |o 848 VOL 1828 |p 1064193 |r 2019-11-22 |w 2019-11-22 |y BK_X |k BUD | ||